[Event "Medellin de La Raza U2000 op"]
[Site "Medellin"]
[Date "2023.10.16"]
[Round "9"]
[White "Hernandez Trujillo, Juan Pablo"]
[Black "Loaiza Tamayo, Maria Jose"]
[Result "1-0"]
[WhiteElo "1007"]
[BlackElo "1491"]
[PlyCount "75"]
[EventDate "2023.10.12"]
[EventType "swiss"]
[EventRounds "9"]
[EventCountry "COL"]
[SourceTitle "Mega2024 Update 01"]
[Source "Chessbase"]
[SourceDate "2023.11.12"]
[SourceVersion "1"]
[SourceVersionDate "2023.11.12"]
[SourceQuality "1"]

1. e4 e5 2. Nf3 Nc6 3. d4 Nxd4 4. Nxd4 exd4 5. Qxd4 c5 6. Qa4 a6 7. c4 Be7 8. Be2 Nf6 9. Nc3 0-0 10. 0-0 d6 11. f4 Bd7 12. Qc2 Qb6 13. b3 Qc6 14. Bf3 Qc7 15. Bb2 b5 16. e5 Bc6 17. exf6 Bxf3 18. Rxf3 Bxf6 19. Nd5 Qd8 20. Nxf6+ gxf6 21. Rh3 Re8 22. Qxh7+ Kf8 23. Qh6+ Ke7 24. Bxf6+ Kd7 25. Bxd8 Raxd8 26. Rd1 Kc6 27. Rhd3 Re6 28. cxb5+ axb5 29. Qh5 f6 30. f5 Re5 31. Qg6 c4 32. Rc3 Kc5 33. Qxf6 b4 34. Rxc4+ Kb5 35. Qxe5+ dxe5 36. Rxd8 Ka5 37. Re8 e4 38. Rexe4 1-0